[Event "Aeroflot Open"]
[Site "Moscow RUS"]
[Date "2009.02.22"]
[Round "6"]
[White "Mamedyarov,S"]
[Black "Kurnosov,I"]
[Result "0-1"]
[WhiteElo "2724"]
[BlackElo "2602"]
[EventDate "2009.02.17"]

1. d4 Nf6 2. c4 g6 3. f3 d5 4. cxd5 Nxd5 5. e4 Nb6 6. Nc3 Bg7 7. Be3 O-O 8.
Qd2 Nc6 9. O-O-O f5 10. h4 fxe4 11. h5 gxh5 12. d5 Ne5 13. Bh6 Nec4 14. Qg5
Rf7 15. Bxc4 Nxc4 16. Rd4 Qd6 17. Bxg7 Rxg7 18. Qxh5 Qf4+ 19. Kb1 Bf5 20.
fxe4 Bg4 21. Nge2 Qd2 0-1

[Event "Aeroflot Open"]
[Site "Moscow RUS"]
[Date "2009.02.22"]
[Round "6"]
[White "Sargissian,G"]
[Black "Moiseenko,A1"]
[Result "1/2-1/2"]
[WhiteElo "2678"]
[BlackElo "2676"]
[EventDate "2009.02.17"]

1. d4 Nf6 2. c4 e6 3. g3 d5 4. Nf3 dxc4 5. Bg2 Bb4+ 6. Bd2 c5 7. Bxb4 cxb4
8. Ne5 O-O 9. Nxc4 Nc6 10. e3 e5 11. dxe5 Qxd1+ 12. Kxd1 Ng4 13. f4 Nf2+
14. Ke2 Nxh1 15. Bxh1 Bg4+ 16. Kf2 Rac8 17. Nbd2 Rc7 18. Nd6 Na5 19. Be4
Rd8 20. Nb3 Nxb3 21. axb3 b6 22. Ke1 a5 23. Nb5 Rc5 24. Nd4 Kf8 25. Bd3 Bd7
26. Kd2 Ke7 27. e4 g5 28. Ke3 gxf4+ 29. gxf4 Rg8 30. Bf1 Rgc8 31. Bc4 a4
32. Ba6 Ra8 33. Bb7 Ra7 34. Bd5 a3 35. bxa3 bxa3 36. Kd2 Rc8 37. Nc2 a2 38.
Ne3 Rg8 39. b4 Be6 40. f5 Bxd5 41. Nxd5+ Kf8 42. e6 fxe6 43. fxe6 Ra3 44.
Rf1+ Kg7 45. Ra1 Kh6 46. Ne3 Re8 47. e7 Kg5 48. Nd5 Rh3 49. Rg1+ Kh4 50.
Rh1 Ra3 51. Ra1 Rh3 52. Rh1 Ra3 53. Ra1 Rf3 54. Kc2 Kh3 55. Rxa2 Rf2+ 56.
Kb3 Rxa2 57. Kxa2 Kxh2 58. Kb3 b5 59. Kc3 h5 60. Nf6 Rxe7 61. Nxh5 Rxe4 62.
Nf6 Rc4+ 63. Kd3 Rxb4 64. Kc3 Rc4+ 65. Kb3 Rd4 66. Ne8 Rd7 67. Kb4 Kg3 68.
Kxb5 Kf4 69. Kc6 Rd1 70. Nd6 Ke5 71. Nc4+ Kd4 72. Nd6 Rc1+ 73. Kd7 Ke5 74.
Nf7+ Kd5 75. Ke7 Rc6 76. Ng5 Rg6 77. Nf7 Re6+ 78. Kd7 Re1 79. Ng5 Ra1 80.
Ke7 Ra6 81. Nf7 Rg6 82. Kd7 Re6 83. Ng5 Rb6 84. Ke7 Ke5 1/2-1/2

[Event "Aeroflot Open"]
[Site "Moscow RUS"]
[Date "2009.02.22"]
[Round "6"]
[White "Zhou Jianchao"]
[Black "Kazhgaleyev,M"]
[Result "1-0"]
[WhiteElo "2612"]
[BlackElo "2630"]
[EventDate "2009.02.17"]

1. d4 Nf6 2. c4 g6 3. Nc3 Bg7 4. e4 O-O 5. f3 c5 6. d5 d6 7. Bg5 e6 8. Qd2
exd5 9. cxd5 h6 10. Be3 Re8 11. Nge2 h5 12. Nc1 Nbd7 13. Be2 a6 14. a4 Ne5
15. O-O Nh7 16. Rb1 Qc7 17. N1a2 f5 18. b4 cxb4 19. Rxb4 Nf6 20. f4 Nf7 21.
Bb6 Qe7 22. Bd3 h4 23. h3 Nh5 24. Ne2 Nh6 25. Nac3 Bd7 26. Bf2 fxe4 27.
Rxe4 Qf6 28. Rxe8+ Rxe8 29. Ne4 Qe7 30. Ng5 Bf5 31. Re1 Qd7 32. Ne6 Bf6 33.
a5 Qa4 34. Rb1 Qa3 35. Bxf5 Nxf5 36. N2d4 Bxd4 37. Nxd4 Nhg3 38. Re1 Re4
39. Nf3 Qa4 40. Ng5 Re8 41. Ne6 Rc8 42. Qb2 Qd7 43. Qf6 Qf7 44. Qg5 Re8 45.
Kh2 Re7 46. Bb6 Nh5 47. Rc1 Nhg7 48. Rc8+ Re8 49. Rxe8+ Qxe8 50. Qf6 Nh5
51. Qc3 Ne7 52. Qc4 Nf6 53. Bf2 Nf5 54. Bd4 Nh5 55. Bb2 Kf7 56. Qc7+ Qe7
57. Qc8 Nf6 58. Qh8 Ne4 59. Nd8+ 1-0

[Event "Aeroflot Open"]
[Site "Moscow RUS"]
[Date "2009.02.22"]
[Round "6"]
[White "Safarli,E"]
[Black "Pashikian,A"]
[Result "0-1"]
[WhiteElo "2564"]
[BlackElo "2621"]
[EventDate "2009.02.17"]

1. e4 e5 2. Nf3 Nc6 3. Bb5 Nf6 4. d3 Bc5 5. O-O Nd4 6. Nxd4 Bxd4 7. Nd2 c6
8. Ba4 Bc5 9. c3 Be7 10. f4 exf4 11. Rxf4 Qc7 12. Rf1 d5 13. exd5 Nxd5 14.
Nf3 Bg4 15. Qe1 O-O-O 16. h3 Bh5 17. Qf2 Kb8 18. d4 Rhe8 19. Bb3 Bd6 20.
Qh4 Bg6 21. Ne5 Bxe5 22. dxe5 Rxe5 23. Kh1 Ka8 24. Bd2 Re4 25. Qf2 Rde8 26.
Rae1 Qd7 27. c4 Nf6 28. Bc3 Rxe1 29. Rxe1 Ne4 30. Qe3 f6 31. Rd1 Qc8 32.
Be1 Bh5 33. Rd3 Nc5 34. Qxc5 Rxe1+ 35. Kh2 Bg6 36. Rd2 Qc7+ 37. Qd6 Kb8 38.
c5 Qxd6+ 39. cxd6 Kc8 40. g4 Kd7 41. h4 Re5 42. Rd4 Be4 43. Bg8 h6 44. Ra4
a6 45. Rb4 b5 46. Rd4 Bd5 0-1

[Event "Aeroflot Open"]
[Site "Moscow RUS"]
[Date "2009.02.22"]
[Round "6"]
[White "Ehlvest,J"]
[Black "Vitiugov,N"]
[Result "1/2-1/2"]
[WhiteElo "2595"]
[BlackElo "2687"]
[EventDate "2009.02.17"]

1. c4 Nf6 2. Nf3 e6 3. g3 d5 4. Bg2 dxc4 5. Qa4+ c6 6. Qxc4 b5 7. Qb3 Bb7
8. O-O Nbd7 9. d4 a6 10. Ne5 Nxe5 11. dxe5 Nd7 12. Nc3 Nxe5 13. Ne4 c5 14.
Qc3 Ng6 15. Be3 Qc7 16. Nxc5 Bxg2 17. Kxg2 Be7 18. Rac1 O-O 19. Nd3 Qxc3
20. Rxc3 Bf6 21. Rc5 Ne7 22. g4 1/2-1/2

[Event "Aeroflot Open"]
[Site "Moscow RUS"]
[Date "2009.02.22"]
[Round "6"]
[White "Predojevic,B"]
[Black "Smirnov,P"]
[Result "1-0"]
[WhiteElo "2650"]
[BlackElo "2579"]
[EventDate "2009.02.17"]

1. e4 c5 2. Nf3 Nc6 3. Bb5 e6 4. O-O Nge7 5. c3 a6 6. Ba4 b5 7. Bc2 Bb7 8.
Re1 d5 9. a4 b4 10. d4 cxd4 11. cxd4 dxe4 12. Bxe4 Nd5 13. Bg5 Be7 14. Bxe7
Ndxe7 15. Nbd2 Na5 16. Rc1 Bxe4 17. Nxe4 O-O 18. Qd3 Ng6 19. Neg5 Re8 20.
h4 h6 21. h5 Nf8 22. Ne4 e5 23. Nc5 exd4 24. Rxe8 Qxe8 25. Qxd4 Nc6 26. Qf4
a5 27. Qe4 Qxe4 28. Nxe4 Nd8 29. Ne5 Nfe6 30. g3 Nb7 31. Rc6 Re8 32. f4 f6
33. Ng6 Nd4 34. Rc7 Rxe4 35. Rxb7 Re1+ 36. Kg2 Re2+ 37. Kh3 f5 38. Ne5 Kf8
39. Rd7 Ne6 40. Rd5 Rxb2 41. Nc4 Rc2 42. Rxf5+ Ke8 43. Nxa5 Nc5 44. Kg4 Rc3
45. Rd5 Nd3 46. Rb5 Ke7 47. Kf5 Kd6 48. Kg6 Rc7 49. Nb3 Rc3 50. Nd4 Ra3 51.
a5 Ra1 52. Kxg7 Rg1 53. Kxh6 Kc7 54. f5 Kd6 55. f6 Ne5 56. Rxe5 1-0

[Event "Aeroflot Open"]
[Site "Moscow RUS"]
[Date "2009.02.22"]
[Round "6"]
[White "Amonatov,F"]
[Black "Romanov,E"]
[Result "1/2-1/2"]
[WhiteElo "2647"]
[BlackElo "2576"]
[EventDate "2009.02.17"]

1. e4 e6 2. d4 d5 3. Nc3 Bb4 4. e5 c5 5. a3 Bxc3+ 6. bxc3 Ne7 7. Qg4 cxd4
8. cxd4 Qc7 9. Bd2 Nd7 10. Nf3 Qxc2 11. Rc1 Qg6 12. Qh3 Qe4+ 13. Be3 Nf5
14. Kd2 h5 15. Bb5 a6 16. Be2 Qg4 17. Qxg4 hxg4 18. Ng5 Nb6 19. Rc7 f6 20.
Rb1 Nc4+ 21. Bxc4 dxc4 22. Nf7 O-O 23. Nd6 b5 24. a4 Nxd6 25. exd6 Rd8 26.
axb5 axb5 27. Rxb5 Rxd6 28. Rxc4 1/2-1/2

[Event "Aeroflot Open"]
[Site "Moscow RUS"]
[Date "2009.02.22"]
[Round "6"]
[White "Zvjaginsev,V"]
[Black "Ponkratov,P"]
[Result "1-0"]
[WhiteElo "2636"]
[BlackElo "2558"]
[EventDate "2009.02.17"]

1. e4 e6 2. Qe2 e5 3. f4 d6 4. Nf3 Nc6 5. Nc3 exf4 6. d4 g5 7. d5 Ne5 8. h4
g4 9. Nxe5 dxe5 10. g3 f3 11. Qb5+ Qd7 12. Qb3 Bd6 13. Bb5 c6 14. Ba4 Qc7
15. dxc6 bxc6 16. Nd5 Qb7 17. Bd2 Qa6 18. O-O-O Be6 19. c4 O-O-O 20. Kb1
Qb7 21. Qc2 Rd7 22. c5 Bc7 23. Be3 Bd8 24. Bf2 Ne7 25. Ne3 Rxd1+ 26. Rxd1
Bc7 27. Bb3 Bxb3 28. axb3 h5 29. Nc4 Rd8 30. Rxd8+ Kxd8 31. Qd2+ Ke8 32.
Kc2 Nd5 33. exd5 cxd5 34. Ne3 d4 35. Nf5 Qc6 36. Qg5 Qxc5+ 37. Kb1 Qb4 38.
Qf6 a5 39. Ka2 a4 40. Qc6+ Kd8 41. bxa4 Qd2 42. Ng7 Ba5 43. Qe8+ Kc7 44.
Qxe5+ Kb7 45. Qd5+ Kb8 46. Qb5+ Kc8 47. Qc5+ Kb7 48. Ne8 Qb4 49. Nd6+ Ka6
50. Qc8+ 1-0

[Event "Aeroflot Open"]
[Site "Moscow RUS"]
[Date "2009.02.22"]
[Round "6"]
[White "Filippov,An UZB"]
[Black "Riazantsev,A"]
[Result "1/2-1/2"]
[WhiteElo "2558"]
[BlackElo "2634"]
[EventDate "2009.02.17"]

1. d4 e6 2. e4 d5 3. Nc3 Nf6 4. Bg5 Be7 5. e5 Ne4 6. Bxe7 Qxe7 7. Nxe4 dxe4
8. Qe2 b6 9. O-O-O Bb7 10. g3 c5 11. Bg2 Nc6 12. dxc5 O-O 13. Bxe4 Nxe5 14.
Nf3 Bxe4 15. Qxe4 Nxf3 16. Qxf3 Qxc5 17. Rd2 Rac8 18. Rhd1 b5 19. Qe3 Qxe3
20. fxe3 Rc5 21. b4 Rh5 22. Kb2 g6 23. Rf2 Re5 24. Rd7 a6 25. Ra7 Rxe3 26.
Rxa6 e5 27. Rb6 f5 28. Rxb5 Ra8 29. c4 Kf7 30. c5 Rea3 31. Kb1 Rc3 32. Kb2
Rca3 33. Kb1 Rc3 34. Rc2 Rxc2 35. Kxc2 Rxa2+ 36. Kb3 Ra1 37. c6 Rc1 38.
Rxe5 Rxc6 39. b5 Rc1 40. Re2 g5 41. Kb4 Rb1+ 42. Kc5 Kf6 43. b6 f4 44. gxf4
gxf4 45. Kc6 Rc1+ 46. Kd7 Rd1+ 47. Kc7 Rc1+ 48. Kd7 Rd1+ 49. Kc7 Rc1+ 50.
Kb8 Kf5 51. Rb2 f3 52. b7 Ke4 53. Ka8 Ra1+ 54. Kb8 Rc1 55. Ka8 Ra1+ 1/2-1/2

[Event "Aeroflot Open"]
[Site "Moscow RUS"]
[Date "2009.02.22"]
[Round "6"]
[White "Kosintseva,T"]
[Black "Landa,K"]
[Result "1/2-1/2"]
[WhiteElo "2497"]
[BlackElo "2626"]
[EventDate "2009.02.17"]

1. e4 c6 2. d4 d5 3. e5 Bf5 4. Nd2 e6 5. Nb3 Nd7 6. Nf3 Qc7 7. Be2 f6 8.
O-O Ne7 9. exf6 gxf6 10. Nh4 O-O-O 11. Bg4 Bxg4 12. Qxg4 Ng6 13. Nxg6 hxg6
14. h3 Bd6 15. Qxe6 Rde8 16. Qg4 Rhg8 17. Bd2 f5 18. Qg5 Be7 19. Qf4 Bd6
20. Qg5 Be7 21. Qf4 Bd6 22. Qg5 1/2-1/2

[Event "Aeroflot Open"]
[Site "Moscow RUS"]
[Date "2009.02.22"]
[Round "6"]
[White "Khairullin,I"]
[Black "Naiditsch,A"]
[Result "1-0"]
[WhiteElo "2574"]
[BlackElo "2693"]
[EventDate "2009.02.17"]

1. Nf3 c5 2. c4 Nf6 3. Nc3 d5 4. cxd5 Nxd5 5. e4 Nb4 6. Bc4 Nd3+ 7. Ke2
Nf4+ 8. Kf1 Ne6 9. b4 g6 10. bxc5 Bg7 11. Bxe6 Bxe6 12. d4 O-O 13. Be3 f5
14. exf5 Rxf5 15. h4 Nc6 16. h5 Qd7 17. hxg6 hxg6 18. Qd2 Raf8 19. Rh4 Rh5
20. Rxh5 gxh5 21. Qd3 Bf5 22. Qc4+ Kh8 23. Rd1 e6 24. Rd2 Na5 25. Qb4 Nc6
26. Qc4 Qf7 27. Nb5 Bg4 28. Nd6 Qg6 29. Qd3 Qxd3+ 30. Rxd3 Bxf3 31. gxf3 b6
32. cxb6 axb6 33. d5 Nb4 34. dxe6 Nxd3 35. e7 Nb4 36. a4 Nd5 37. exf8=Q+
Bxf8 38. Nc4 Bc5 39. Kg2 Kg7 40. Kg3 Kf6 41. Kh4 Kg6 42. Bxc5 bxc5 43. a5
Nb4 44. Ne3 Na6 45. f4 Nb4 46. f5+ Kf6 47. Kxh5 c4 48. Nxc4 Kxf5 49. Kh6
Ke4 50. Nd2+ Kd5 51. f4 Nc6 52. Nb3 Kc4 53. f5 1-0

[Event "Aeroflot Open"]
[Site "Moscow RUS"]
[Date "2009.02.22"]
[Round "6"]
[White "Onischuk,Al"]
[Black "Andriasian,Z"]
[Result "1/2-1/2"]
[WhiteElo "2659"]
[BlackElo "2564"]
[EventDate "2009.02.17"]

1. d4 d5 2. c4 c6 3. Nf3 Nf6 4. e3 e6 5. Nbd2 c5 6. cxd5 exd5 7. b3 Nc6 8.
Bb2 cxd4 9. Nxd4 Bd6 10. Be2 O-O 11. O-O Re8 12. N2f3 a6 13. Rc1 Bd7 14. h3
Ne4 15. Nxc6 bxc6 16. Qd4 Nf6 17. Qh4 Be7 18. Ne5 Ng4 19. Qg3 Nxe5 20. Bxe5
Bf8 21. Bd4 a5 22. Rc2 Qb8 23. Qh4 a4 24. Bd3 h6 25. Rb1 axb3 26. Rxb3 Qd6
27. Bc5 Qe5 28. Bd4 Qd6 29. Bc5 Qe5 30. Bd4 1/2-1/2

[Event "Aeroflot Open"]
[Site "Moscow RUS"]
[Date "2009.02.22"]
[Round "6"]
[White "Chadaev,N"]
[Black "Aleksandrov,A"]
[Result "0-1"]
[WhiteElo "2568"]
[BlackElo "2636"]
[EventDate "2009.02.17"]

1. e4 e5 2. Nf3 Nc6 3. Bb5 Nf6 4. d3 d6 5. O-O Bd7 6. c3 g6 7. Re1 Bg7 8.
Nbd2 O-O 9. Nf1 Nh5 10. Ne3 Nf4 11. a4 f5 12. Bc4+ Kh8 13. Nd5 fxe4 14.
dxe4 Bg4 15. Bxf4 exf4 16. Be2 a5 17. Qb3 Bxf3 18. Bxf3 Ne5 19. c4 c6 20.
Nc3 Ra6 21. Qc2 Qg5 22. Kh1 Rb6 23. b3 Qh6 24. Rac1 g5 25. Qd1 Qh4 26. g3
Qh6 27. Bg4 f3 0-1

[Event "Aeroflot Open"]
[Site "Moscow RUS"]
[Date "2009.02.22"]
[Round "6"]
[White "Kotsur,P"]
[Black "Li Chao2"]
[Result "1-0"]
[WhiteElo "2563"]
[BlackElo "2628"]
[EventDate "2009.02.17"]

1. e4 e5 2. Nf3 Nc6 3. Bb5 a6 4. Ba4 Nf6 5. d3 b5 6. Bb3 Be7 7. O-O O-O 8.
a4 b4 9. a5 d5 10. h3 Bb7 11. Nbd2 Re8 12. Re1 Bc5 13. c3 h6 14. exd5 Nxd5
15. Ne4 Be7 16. Bc4 Qd7 17. Qb3 Rad8 18. Bd2 Bc8 19. Ng3 bxc3 20. bxc3 Qd6
21. d4 exd4 22. cxd4 Be6 23. Ne4 Qd7 24. Bxa6 Ndb4 25. Bc4 Nxd4 26. Nxd4
Bxc4 27. Qxc4 Qxd4 28. Qxc7 Bf8 29. Bc3 Qd3 30. Re3 Qc2 31. Qc4 Nd5 32. Re2
Rxe4 33. Rxe4 Qxc3 34. Qxc3 Nxc3 35. Rc4 Nb5 36. a6 Rd7 37. Rc8 Ra7 38. Rd1
Rxa6 39. Rdd8 Nd6 40. Rxf8+ Kh7 41. Ra8 Rc6 42. h4 Kg6 43. Ra5 Kf6 44. Rfa8
Ke6 45. Ra1 Rc2 46. Re1+ Kf5 47. Ra5+ Kf6 48. Rd1 Rc6 49. Rda1 Rc2 50. Ra6
Rd2 51. Kf1 Ke7 52. R1a2 Rd5 53. Re2+ Kf6 54. Ke1 Kf5 55. Rd2 Re5+ 56. Kf1
Ne4 57. Rd7 f6 58. Rxg7 Nd2+ 59. Kg1 Re1+ 60. Kh2 Nf1+ 61. Kh3 Nd2 62. Ra5+
1-0

[Event "Aeroflot Open"]
[Site "Moscow RUS"]
[Date "2009.02.22"]
[Round "6"]
[White "Nepomniachtchi,I"]
[Black "Maslak,K"]
[Result "1/2-1/2"]
[WhiteElo "2628"]
[BlackElo "2541"]
[EventDate "2009.02.17"]

1. e4 e5 2. Nf3 Nf6 3. Nxe5 d6 4. Nf3 Nxe4 5. Nc3 Nxc3 6. dxc3 Be7 7. Be3
Nc6 8. Qd2 Be6 9. O-O-O Qd7 10. h3 a6 11. Ng5 Bxg5 12. Bxg5 f6 13. Be3
O-O-O 14. b3 Kb8 15. Kb2 Bf5 16. f3 Rhe8 17. Bf2 Bg6 18. h4 h5 19. Be2 Re5
20. Bg3 Re7 21. Rhe1 Rde8 22. Bf1 Rxe1 23. Bxe1 Qe7 24. Bf2 Qe6 25. Bc4 Qd7
26. a4 Bf5 27. Bg1 Be6 28. Bf1 Qe7 29. Qf2 a5 30. Re1 Qf7 31. Bb5 Bd7 32.
Bxc6 Bxc6 33. Qa7+ Kc8 34. Rxe8+ Qxe8 35. Qxa5 Qg6 36. Qa8+ Kd7 37. Qf8
Qxg2 38. Qf7+ Kd8 39. Qf8+ Kd7 40. Qf7+ Kd8 41. Qf8+ 1/2-1/2

[Event "Aeroflot Open"]
[Site "Moscow RUS"]
[Date "2009.02.22"]
[Round "6"]
[White "Sjugirov,S"]
[Black "So,W"]
[Result "1/2-1/2"]
[WhiteElo "2562"]
[BlackElo "2627"]
[EventDate "2009.02.17"]

1. e4 c5 2. Nf3 e6 3. d4 cxd4 4. Nxd4 Nc6 5. Nc3 Qc7 6. g3 a6 7. Bg2 Nf6 8.
O-O Be7 9. Re1 O-O 10. Nxc6 dxc6 11. e5 Rd8 12. Qf3 Nd5 13. h4 Nxc3 14.
Qxc3 h6 15. Be3 c5 16. b4 Bd7 17. bxc5 Bc6 18. Bxc6 Qxc6 19. Red1 Rac8 20.
Rab1 b6 21. Qc4 Rxd1+ 22. Rxd1 Bxc5 23. Bxc5 1/2-1/2

[Event "Aeroflot Open"]
[Site "Moscow RUS"]
[Date "2009.02.22"]
[Round "6"]
[White "Li Shilong"]
[Black "Petrosian,TL"]
[Result "0-1"]
[WhiteElo "2559"]
[BlackElo "2623"]
[EventDate "2009.02.17"]

1. d4 d5 2. c4 c6 3. Nf3 Nf6 4. e3 g6 5. Nc3 Bg7 6. Be2 O-O 7. O-O Be6 8.
Ng5 Bf5 9. Qb3 Qb6 10. Bd2 h6 11. Nf3 dxc4 12. Bxc4 Qxb3 13. Bxb3 Nbd7 14.
Rfd1 g5 15. h3 Rfd8 16. a4 Rac8 17. a5 e6 18. Bc4 Bf8 19. Be2 Bd6 20. Be1
Bc2 21. Rdc1 Bg6 22. Nd2 Bb8 23. a6 b6 24. b4 Bd6 25. b5 c5 26. Nc4 Be7 27.
f3 cxd4 28. exd4 Nh5 29. Ne4 Ndf6 30. Ne5 Nf4 31. Bf1 Bxe4 32. fxe4 Rxc1
33. Rxc1 Nxe4 34. Rc7 Bd6 35. Rxa7 Bxe5 36. dxe5 Rd1 37. g3 Nd5 38. Rd7 Kg7
39. a7 Ra1 40. Kh2 Nc5 41. Rd8 Rxa7 42. Bc4 Ne3 43. Be2 Ra2 44. Rd2 Ra1 45.
Bf2 Ne4 46. Rd3 Nxf2 47. Rxe3 Nd1 48. Bxd1 Rxd1 49. Kg2 Rb1 50. Kf3 Rxb5
0-1

[Event "Aeroflot Open"]
[Site "Moscow RUS"]
[Date "2009.02.22"]
[Round "6"]
[White "Zhou Weiqi"]
[Black "Lysyj,I"]
[Result "1-0"]
[WhiteElo "2542"]
[BlackElo "2620"]
[EventDate "2009.02.17"]

1. d4 Nf6 2. c4 e6 3. Nc3 Bb4 4. Qc2 O-O 5. a3 Bxc3+ 6. Qxc3 Ne4 7. Qc2 f5
8. g3 b6 9. Bg2 Bb7 10. Nf3 Nf6 11. b4 Be4 12. Qd2 d6 13. O-O Qe8 14. Bb2
Nbd7 15. Rfd1 h6 16. Rac1 a5 17. b5 Qh5 18. a4 Bb7 19. Ne1 Bxg2 20. Nxg2 e5
21. dxe5 dxe5 22. f3 Rfe8 23. Ba3 e4 24. Nf4 Qf7 25. Qc3 Ne5 26. Bb2 Ned7
27. Ba3 Ne5 28. Rc2 Rac8 29. Nd5 Ned7 30. Qb3 Nxd5 31. cxd5 exf3 32. exf3
Kh7 33. Bc1 Nc5 34. Qc4 Rcd8 35. Ba3 Re5 36. Bxc5 bxc5 37. Qxc5 Rexd5 38.
Rxd5 Qxd5 39. Qxd5 Rxd5 40. Rc4 Rd2 41. h4 Ra2 42. h5 Kg8 43. Kf1 Kf7 44.
Rxc7+ Kf6 45. Rc4 Kg5 46. g4 fxg4 47. fxg4 Kh4 48. Ke1 Kg3 49. Kd1 Kf3 50.
Kc1 Re2 51. b6 Re6 52. Rc3+ Kxg4 53. Rb3 Re8 54. Rb5 1-0

[Event "Aeroflot Open"]
[Site "Moscow RUS"]
[Date "2009.02.22"]
[Round "6"]
[White "Akobian,V"]
[Black "Robson,R"]
[Result "0-1"]
[WhiteElo "2619"]
[BlackElo "2455"]
[EventDate "2009.02.17"]

1. d4 d5 2. c4 e6 3. Nf3 Nf6 4. Nc3 c6 5. Bg5 dxc4 6. e4 b5 7. e5 h6 8. Bh4
g5 9. Nxg5 hxg5 10. Bxg5 Nbd7 11. g3 Bb7 12. Bg2 Qb6 13. exf6 c5 14. d5
O-O-O 15. O-O b4 16. Na4 Qa6 17. a3 Bxd5 18. Bxd5 Ne5 19. axb4 Rxd5 20. Qe2
cxb4 21. Nc3 Ra5 22. Rxa5 Qxa5 23. Ne4 Nd3 24. h4 Qe5 25. Qe3 a5 26. Rd1 a4
27. Bf4 Nxf4 28. gxf4 Rg8+ 29. Kf1 Qb5 30. Qe2 a3 31. bxa3 b3 32. Rc1 b2
33. Rxc4+ Bc5 34. Rxc5+ Qxc5 35. Qa6+ Kb8 36. Nd2 Rd8 0-1

[Event "Aeroflot Open"]
[Site "Moscow RUS"]
[Date "2009.02.22"]
[Round "6"]
[White "Huzman,A"]
[Black "Melkumyan,H"]
[Result "1/2-1/2"]
[WhiteElo "2602"]
[BlackElo "2519"]
[EventDate "2009.02.17"]

1. d4 Nf6 2. Nf3 e6 3. c4 d5 4. Nc3 dxc4 5. e4 Bb4 6. Bg5 c5 7. Bxc4 cxd4
8. Nxd4 Bxc3+ 9. bxc3 Qa5 10. Bxf6 gxf6 11. Bb5+ Ke7 12. O-O a6 13. Be2 Rd8
14. Qc1 Bd7 15. Rb1 Rc8 16. e5 Qxe5 17. Rxb7 Rc7 18. Qa3+ Ke8 19. Nb5 Rc5
20. Nd4 Rc7 21. Rb2 Qc5 22. Qxc5 Rxc5 23. Bf3 Nc6 24. Rb6 Rc8 25. Rxa6 Ne5
26. Be2 Rxc3 27. g3 Ke7 28. Rd1 Rc1 29. Rxc1 Rxc1+ 30. Kg2 Rb1 31. f4 Rb2
32. Ra7 Rd2 33. fxe5 Rxd4 34. exf6+ Kxf6 35. Kf2 Bc6 36. Ke3 Re4+ 37. Kd2
Rb4 38. Kc3 Rb1 39. Bh5 Bb7 40. a4 e5 41. a5 Bd5 42. Ra6+ Kf5 43. Rb6 Ra1
44. a6 Ke4 45. Rb4+ Ke3 46. Rb5 Ke4 47. Rb4+ Ke3 48. Rb5 Ke4 1/2-1/2

[Event "Aeroflot Open"]
[Site "Moscow RUS"]
[Date "2009.02.22"]
[Round "6"]
[White "Vaganian,R"]
[Black "Wen Yang"]
[Result "0-1"]
[WhiteElo "2596"]
[BlackElo "2504"]
[EventDate "2009.02.17"]

1. d4 d5 2. Nf3 Nf6 3. c4 dxc4 4. Qa4+ c6 5. Qxc4 Bf5 6. g3 Nbd7 7. Nc3 e6
8. Bg2 Be7 9. O-O O-O 10. e3 h6 11. Qe2 Bh7 12. e4 Bb4 13. Ne1 c5 14. e5
Bxc3 15. bxc3 Nd5 16. Bxd5 exd5 17. f4 Qb6 18. Be3 f6 19. dxc5 Qe6 20. Nf3
fxe5 21. Bd4 Rac8 22. Qe3 Qe7 23. Nxe5 Nxc5 24. g4 h5 25. g5 Bf5 26. Qf3 g6
27. Qxd5+ Ne6 28. Rae1 Rcd8 29. Qg2 Nxd4 30. cxd4 Qb4 31. Nf3 Bd3 32. Rf2
Rxf4 33. Rb2 Qd6 34. Rxb7 Rg4 35. Ree7 Rxg2+ 36. Kxg2 Bc4 37. Rxa7 Kf8 0-1

[Event "Aeroflot Open"]
[Site "Moscow RUS"]
[Date "2009.02.22"]
[Round "6"]
[White "Ajrapetjan,Y"]
[Black "Shomoev,A"]
[Result "1-0"]
[WhiteElo "2490"]
[BlackElo "2567"]
[EventDate "2009.02.17"]

1. d4 Nf6 2. c4 g6 3. Nc3 Bg7 4. Nf3 O-O 5. e4 d6 6. Be2 e5 7. Be3 Ng4 8.
Bg5 f6 9. Bh4 g5 10. Bg3 Nh6 11. dxe5 dxe5 12. Qd5+ Kh8 13. Qxd8 Rxd8 14.
h4 g4 15. Nd2 c5 16. O-O-O b6 17. Nb3 Bd7 18. h5 Nc6 19. Nd5 Nd4 20. Nxd4
cxd4 21. f4 gxf3 22. gxf3 Rf8 23. Bh4 Bc6 24. Rhg1 Bxd5 25. cxd5 Ng8 26.
Kb1 Bh6 27. Bg3 Be3 28. Rgf1 Rf7 29. f4 Rg7 30. Rf3 Rxg3 31. Rxg3 exf4 32.
Rxe3 dxe3 33. Rf1 Nh6 34. Rxf4 Kg7 35. Kc2 Rc8+ 36. Kd3 Nf7 37. Rg4+ Kf8
38. Rg2 Re8 39. Rg3 Nd6 40. Rxe3 Re5 41. Bf3 h6 42. Re2 Re8 43. Rg2 Ke7 44.
Rg7+ Nf7 45. e5 Kf8 46. exf6 Ne5+ 47. Ke4 Nxf3+ 48. Kxf3 Re5 49. d6 Rf5+
50. Ke4 Rxf6 51. d7 Rd6 52. Rh7 a5 53. a4 Rd1 54. Ke5 Rd2 55. Ke6 Re2+ 56.
Kd6 Rd2+ 57. Kc7 Rc2+ 58. Kb7 1-0

[Event "Aeroflot Open"]
[Site "Moscow RUS"]
[Date "2009.02.22"]
[Round "6"]
[White "Grigoryan,Av"]
[Black "Yudin,S"]
[Result "0-1"]
[WhiteElo "2506"]
[BlackElo "2562"]
[EventDate "2009.02.17"]

1. d4 d5 2. c4 e6 3. Nc3 c6 4. e4 dxe4 5. Nxe4 Bb4+ 6. Bd2 Qxd4 7. Bxb4
Qxe4+ 8. Be2 Na6 9. Bd6 Qxg2 10. Qd2 Nf6 11. Bf3 Qg6 12. Ne2 e5 13. O-O-O
Be6 14. Bxe5 Qf5 15. Bf4 Qc5 16. Nc3 Qxc4 17. Be2 Qc5 18. Bd6 Qa5 19. Bxa6
Qxa6 20. Ba3 Nd7 21. Rhe1 O-O-O 22. Be7 Bg4 23. Bxd8 Rxd8 24. Ne4 Bxd1 25.
Nd6+ Kb8 26. Qf4 g5 27. Qxg5 f6 28. Qf4 Qa4 29. Nc4+ Ne5 0-1

[Event "Aeroflot Open"]
[Site "Moscow RUS"]
[Date "2009.02.22"]
[Round "6"]
[White "Milov,V"]
[Black "Vazquez Igarza,R"]
[Result "1-0"]
[WhiteElo "2669"]
[BlackElo "2558"]
[EventDate "2009.02.17"]

1. d4 d5 2. c4 e6 3. Nc3 Be7 4. cxd5 exd5 5. Bf4 c6 6. e3 Bf5 7. Nge2 Nd7
8. Ng3 Bg6 9. Be2 Ngf6 10. O-O h5 11. Bd3 Bxd3 12. Qxd3 g6 13. f3 h4 14.
Nge2 Nh5 15. e4 h3 16. g3 Nxf4 17. Nxf4 dxe4 18. fxe4 Qb6 19. Kh1 Bg5 20.
b4 O-O-O 21. Qc4 Kb8 22. e5 Nf8 23. Nfe2 Ne6 24. Rad1 Rd7 25. Ne4 Rf8 26.
Rd3 a6 27. a4 Be7 28. Nc5 Rdd8 29. Kg1 Ka7 30. Rfd1 Nc7 31. Rb3 Ne6 32.
Nxe6 fxe6 33. Nf4 Rxf4 34. gxf4 g5 35. fxg5 Bxg5 36. Qc5 Bf4 37. Rxh3 Qxc5
38. bxc5 Bxe5 39. Rhd3 Rg8+ 40. Kh1 Bf4 41. Rg1 Rh8 42. h3 e5 43. Rg4 e4
44. Rb3 Rf8 45. Rg7 e3 46. Rbxb7+ Ka8 47. Ra7+ Kb8 48. Rgb7+ Kc8 49. Re7
Bb8 50. Ra8 1-0

[Event "Aeroflot Open"]
[Site "Moscow RUS"]
[Date "2009.02.22"]
[Round "6"]
[White "Volkov,Sergey1"]
[Black "Kosintseva,N"]
[Result "1/2-1/2"]
[WhiteElo "2627"]
[BlackElo "2486"]
[EventDate "2009.02.17"]

1. d4 Nf6 2. c4 e6 3. Nc3 Bb4 4. f3 O-O 5. a3 Bxc3+ 6. bxc3 Ne8 7. e4 b6 8.
Bd3 Ba6 9. Nh3 Nc6 10. O-O Na5 11. Qe2 c5 12. e5 f6 13. Bf4 cxd4 14. cxd4
Rc8 15. Rac1 Qe7 16. Rc3 d5 17. exd6 Nxd6 18. c5 Bxd3 19. Qxd3 Nf7 20. Rfc1
Qd7 21. Nf2 Rc6 22. h3 Rfc8 23. Be3 Qd5 24. Qe4 Nd6 25. Qxd5 exd5 26. Nd1
Nb5 27. Rd3 bxc5 28. dxc5 d4 29. Bd2 Nb7 30. a4 Rxc5 31. Rb1 N5d6 32. Rxd4
Rc4 33. Rxc4 Rxc4 34. Nc3 Kf7 35. Kf2 Ke6 36. g4 Kd7 37. Kg3 g6 38. Re1 Rd4
39. Be3 Rd3 40. Nb5 Nxb5 41. axb5 Nd6 42. Bc5 Nxb5 43. Re7+ Kc6 44. Bxa7
Rd7 45. Bc5 Nc7 46. Bb4 Rxe7 47. Bxe7 Nd5 48. Ba3 1/2-1/2

[Event "Aeroflot Open"]
[Site "Moscow RUS"]
[Date "2009.02.22"]
[Round "6"]
[White "Ipatov,A UKR"]
[Black "Ghaem Maghami,E"]
[Result "0-1"]
[WhiteElo "2494"]
[BlackElo "2604"]
[EventDate "2009.02.17"]

1. d4 Nf6 2. c4 e6 3. Nc3 Bb4 4. a3 Bxc3+ 5. bxc3 O-O 6. e3 Re8 7. Nf3 d6
8. Be2 Qe7 9. O-O e5 10. c5 Bg4 11. h3 Bh5 12. a4 Nbd7 13. cxd6 cxd6 14.
Ba3 Qe6 15. Nd2 Bxe2 16. Qxe2 Rac8 17. Rfc1 d5 18. a5 Rc7 19. Nb3 Ne4 20.
Bb4 Rec8 21. Qe1 f6 22. f3 Ng5 23. Nc5 Nxc5 24. Bxc5 Qa6 25. Bb4 Qe6 26.
Qg3 e4 27. h4 Nf7 28. Rf1 exf3 29. Rxf3 Nh6 30. Raf1 Rf7 31. Rf4 f5 32.
R4f2 Ng4 33. Re2 h6 34. Ree1 Rf6 35. Qf4 Qf7 36. g3 Re8 37. Rf3 Kh7 38. Ba3
Qd7 39. Rff1 Qa4 40. Bc5 Qc2 41. Rf2 Nxf2 42. Qxf2 Qxc3 43. Re2 b6 0-1